00761cam a22002291 450000100060000000300080000600500170001400800410003103500200007203500180009204000360011004100080014608200230015424501310017726000710030830000310037950000200041065000270043065000160045770000330047370000250050616053BD-RjUL20211208235937.0140211r19701966nyua 001 0 eng d a(BD-RjUL) 16108 a(OCoLC)228837 aDLCcODaWUdOCoLCdBD-RjULbeng aeng a658.008bMAN 197014aThe manufacturing man and his job /cedited by Robert E. Finley [and] Henry R. Ziobro. Contributors: K. J. Allen [and others]. aIndia :bAmerican Management Association,cc1966 [Reprinted 1970]. a478 p. :billus. ;c24 cm. aincludes index. 0aIndustrial management. 0aExecutives.1 aZiobro, Henry R.,ejoint ed.1 aAllen, Kevin,d1941-